|
|
|
|
| LEADER |
00000nab a2200000 ar4500 |
| 001 |
vtls008426673 |
| 003 |
SK-MaSNL |
| 005 |
20260303065940.0 |
| 008 |
060127c20041118xo mr|p|||||||000 b|slo |
| 038 |
|
|
|a SNSK
|
| 040 |
|
|
|b slo
|c SNSK
|e AACR2
|
| 041 |
0 |
|
|a slo
|
| 044 |
|
|
|a xo
|c SK
|
| 080 |
|
|
|a 697.1
|2 UDC-MRF-SK2
|
| 080 |
|
|
|a 336.32
|2 UDC-MRF-SK2
|
| 100 |
1 |
|
|a Karasová, Erika,
|d 1973-
|4 aut
|9 89869
|
| 245 |
1 |
0 |
|a Dlhy za teplo rapídne klesli
|b peniaze. Novovešťania sa polepšili. Emkobel evidoval v minulosti neuhradené faktúry za 20 miliónov, dnes sú to asi 2 milióny
|c Erika Karasová
|
| 300 |
|
|
|b Fotogr.
|
| 610 |
2 |
7 |
|a EMKOBEL (Spišská Nová Ves, Slovensko)
|2 snsk
|9 1021457
|
| 650 |
0 |
7 |
|a dlhy
|2 snsk
|9 441591
|
| 651 |
|
7 |
|a Spišská Nová Ves (Slovensko)
|2 snsk
|9 28800
|
| 773 |
0 |
|
|t Spišský denník Korzár
|g Roč. VI., č. 266 (18.11.2004), s. 1
|x 1335-759X
|
| 852 |
|
|
|a SNSK
|b KIS3GCP
|
| 999 |
|
|
|c 1753384
|d 1755314
|